header

Michael Jackson and the blackface mask (Record no. 38846)

MARC details
000 -LEADER
fixed length control field 01534nam a2200361 a 4500
082 04 - DEWEY DECIMAL CLASSIFICATION NUMBER
Classification number 782.42166092
100 1# - MAIN ENTRY--AUTHOR NAME
Personal name Manning, Harriet J.
245 10 - TITLE STATEMENT
Title Michael Jackson and the blackface mask
260 ## - PUBLICATION, DISTRIBUTION, ETC. (IMPRINT)
Place of publication Surrey, England ;
-- Burlington, Vt. :
Name of publisher Ashgate,
Year of publication c2013.
300 ## - PHYSICAL DESCRIPTION
Number of Pages 1 online resource (viii, 194 p.) :
Other physical details ill., photographs.
490 0# - SERIES STATEMENT
Series statement Ashgate popular and folk music series
650 #0 - SUBJECT ADDED ENTRY--TOPICAL TERM
Topical Term Music and race.
Topical Term Blackface entertainers.
Topical Term Minstrel music
856 40 - ELECTRONIC LOCATION AND ACCESS
Uniform Resource Identifier http://site.ebrary.com/lib/rucke/Doc?id=10720887
588 ## -
-- Description based on online resource; title from title page (ebrary, viewed June 25, 2013).

No items available.

© 2026 Rongo University
Contact us: librarian | system librarian | Rongo university